| 000 | 00856cam a2200277 a 4500 | ||
|---|---|---|---|
| 999 |
_c77358 _d314635 |
||
| 001 | 17424983 | ||
| 003 | OSt | ||
| 005 | 20191122170428.0 | ||
| 008 | 120809s2012 enka b 001 0 eng | ||
| 020 | _a9781848168602 | ||
| 020 | _a1848168608 | ||
| 040 |
_aDLC _cDLC _dDLC |
||
| 050 | 0 | 0 |
_aTJ1075 _b.G635 2012 |
| 082 | 0 | 0 |
_a621.89 _223 _bGRF |
| 100 | 1 |
_aGohar, R. _d1928- _975417 |
|
| 245 | 1 | 0 |
_aFundamentals of tribology / _cR. Gohar, H. Rahnejat. |
| 250 | _a2nd ed. | ||
| 260 |
_aLondon : _bImperial College Press, _cc2012. |
||
| 300 |
_axxix, 427 p. : _bill. ; _c24 cm. |
||
| 504 | _aIncludes bibliographical references and index. | ||
| 650 | 0 |
_aTribology. _975418 |
|
| 700 | 1 |
_aRahnejat, Homer. _975419 |
|
| 942 |
_2ddc _cBOOK |
||
| 906 |
_a7 _bcbc _corigcop _d2 _encip _f20 _gy-gencatlg |
||